| 000 | 00379cam a2200133ua 4500 | ||
|---|---|---|---|
| 020 | _a0 86010 824 4 | ||
| 082 |
_a333.7912 _bFRI/FU |
||
| 100 |
_aFrisch, Jean Romain . _91598 |
||
| 245 | _aFuture Stresses for Energy Resources - Energy Abundance: Myth or Reality? / | ||
| 250 | _a1 / | ||
| 260 |
_aLondon : _bGraham and Trotman , _c1986. |
||
| 300 | _a226 ; . | ||
| 942 | _cREF | ||
| 999 |
_c5947 _d5947 |
||